[Event "US op 104th"]
[Site "Los Angeles"]
[Date "2003.08.14"]
[Round "11"]
[White "Douthwaite, Bryan"]
[Black "Caruana, Fabiano"]
[Result "1-0"]
[WhiteElo "2150"]
[BlackElo "2160"]
[PlyCount "79"]
[EventDate "2003.08.03"]
[EventType "swiss"]
[EventRounds "12"]
[EventCountry "USA"]
[SourceTitle "CBM 095 Extra"]
[Source "ChessBase"]
[SourceDate "2003.09.04"]
[SourceVersion "1"]
[SourceVersionDate "2003.09.04"]
[SourceQuality "1"]

1. e4 c5 2. Nf3 Nc6 3. d4 cxd4 4. Nxd4 Nf6 5. Nc3 e5 6. Ndb5 d6 7. Bg5 a6 8.
Bxf6 gxf6 9. Na3 f5 10. exf5 Bxf5 11. Bd3 Be6 12. Bc4 Nd4 13. Bxe6 fxe6 14.
Qh5+ Kd7 15. Ne4 d5 16. Qxe5 Qa5+ 17. c3 Bxa3 18. Qxd4 e5 19. Qd2 Kc6 20. Qh6+
Kc7 21. Qg7+ Kc6 22. Qf6+ Kd7 23. bxa3 dxe4 24. O-O Rhe8 25. Qf7+ Kc6 26. Rab1
Qc7 27. Qc4+ Kd7 28. Qxe4 Kc8 29. Rb4 Kb8 30. Rxb7+ Qxb7 31. Rb1 Ra7 32. Qxh7
Re7 33. Rxb7+ Raxb7 34. Qc2 e4 35. h3 Rbd7 36. Qb3+ Ka7 37. Qc4 Rc7 38. Qd4+
Kb7 39. Qd5+ Kb8 40. c4 1-0

[Event "Wch U12"]
[Site "Chalkidiki"]
[Date "2003.10.25"]
[Round "3"]
[White "Le, Quang Liem"]
[Black "Caruana, Fabiano"]
[Result "1/2-1/2"]
[WhiteElo "2273"]
[BlackElo "2137"]
[PlyCount "135"]
[EventDate "2003.10.23"]
[EventType "swiss"]
[EventRounds "11"]
[EventCountry "GRE"]
[SourceTitle "EXT 2004"]
[Source "ChessBase"]
[SourceDate "2003.11.25"]
[SourceVersion "1"]
[SourceVersionDate "2003.11.25"]
[SourceQuality "1"]

1. d4 Nf6 2. Nf3 g6 3. Bf4 Bg7 4. e3 d6 5. h3 O-O 6. Nbd2 c5 7. c3 Nc6 8. Bc4
a6 9. a4 d5 10. Bd3 Qb6 11. Rb1 c4 12. Bc2 Nh5 13. Bh2 Qd8 14. e4 e6 15. O-O f5
16. exd5 exd5 17. Ne5 Nxe5 18. dxe5 f4 19. Nf3 Be6 20. Re1 Qd7 21. b3 b5 22.
Nd4 Rab8 23. axb5 axb5 24. bxc4 dxc4 25. Be4 Rfd8 26. Bc6 Qf7 27. Bxb5 Bf8 28.
Qe2 Rbc8 29. Ba6 Rc7 30. Rb6 Bd5 31. Reb1 Bc5 32. Rb8 Rxb8 33. Rxb8+ Kg7 34.
Rb1 Bxd4 35. cxd4 Qe6 36. Bb5 f3 37. Qe3 fxg2 38. Ba4 Ra7 39. Bd1 Qf5 40. Rc1
Rf7 41. Bg4 Qd3 42. Qxd3 cxd3 43. Rd1 Be4 44. f3 Bxf3 45. Bxf3 Rxf3 46. Kxg2
Re3 47. Bg1 Nf4+ 48. Kf2 Rxh3 49. Ke1 g5 50. Kd2 Kg6 51. Re1 Kf5 52. Rf1 Ke4
53. Re1+ Kd5 54. Ra1 Rg3 55. Bf2 Rf3 56. Be3 Ke4 57. Bg1 h5 58. Re1+ Kd5 59.
Rc1 Ne6 60. Ra1 Rg3 61. Bf2 Rg2 62. Kxd3 Rxf2 63. Ra5+ Kc6 64. d5+ Kd7 65. Ra7+
Ke8 66. dxe6 h4 67. Rh7 Rf4 68. Ke3 1/2-1/2

[Event "Wch U12"]
[Site "Chalkidiki"]
[Date "2003.10.26"]
[Round "4"]
[White "Caruana, Fabiano"]
[Black "Svoboda, Vaclav"]
[Result "1-0"]
[WhiteElo "2137"]
[BlackElo "2048"]
[PlyCount "101"]
[EventDate "2003.10.23"]
[EventType "swiss"]
[EventRounds "11"]
[EventCountry "GRE"]
[SourceTitle "EXT 2004"]
[Source "ChessBase"]
[SourceDate "2003.11.25"]
[SourceVersion "1"]
[SourceVersionDate "2003.11.25"]
[SourceQuality "1"]

1. e4 d5 2. Nc3 d4 3. Nce2 c5 4. c3 Nc6 5. d3 e5 6. f4 Bd6 7. f5 Nf6 8. Ng3 O-O
9. Nf3 Qc7 10. Bg5 Be7 11. Be2 h6 12. Bd2 Rd8 13. c4 a6 14. O-O b5 15. b3 Rb8
16. h3 bxc4 17. bxc4 a5 18. Nh2 Ba6 19. Nh5 Kh7 20. Nxf6+ Bxf6 21. Ng4 Qe7 22.
Qc1 Rd6 23. Qa3 Rd7 24. h4 Rdb7 25. Qc1 Rb2 26. Bd1 R2b6 27. a3 Kg8 28. g3 Qd8
29. Ba4 R8b7 30. Kg2 Ra7 31. Rh1 Bb7 32. Qc2 Qd6 33. Raf1 Ne7 34. Nxf6+ Qxf6
35. g4 Qd6 36. Qd1 Bc6 37. g5 Bxa4 38. Qxa4 Qc6 39. Qd1 Kh7 40. gxh6 gxh6 41.
Qh5 Ng8 42. f6 Qe8 43. Rh3 Raa6 44. Bg5 Qf8 45. Rhf3 Re6 46. Kh1 Rac6 47. Rf5
Rb6 48. Rg1 Nxf6 49. Bxh6 Qxh6 50. Qxf7+ Kh8 51. Rh5 1-0

[Event "Wch U12"]
[Site "Chalkidiki"]
[Date "2003.10.27"]
[Round "5"]
[White "Dimitrov, Pavel"]
[Black "Caruana, Fabiano"]
[Result "1-0"]
[WhiteElo "2097"]
[BlackElo "2137"]
[PlyCount "103"]
[EventDate "2003.10.23"]
[EventType "swiss"]
[EventRounds "11"]
[EventCountry "GRE"]
[SourceTitle "EXT 2004"]
[Source "ChessBase"]
[SourceDate "2003.11.25"]
[SourceVersion "1"]
[SourceVersionDate "2003.11.25"]
[SourceQuality "1"]

1. d4 Nf6 2. Nf3 g6 3. Bg5 Bg7 4. Nbd2 d5 5. e3 O-O 6. Be2 Nbd7 7. O-O c5 8. c3
a6 9. a4 Qb6 10. Qb3 Qxb3 11. Nxb3 b6 12. Nbd2 Bb7 13. h3 Rfe8 14. Rfe1 Ne4 15.
Nxe4 dxe4 16. Nd2 h6 17. Bf4 g5 18. Bh2 Bd5 19. c4 Bb7 20. Nb3 a5 21. Red1 e6
22. Rd2 Rac8 23. Bd6 Ba6 24. dxc5 Nxc5 25. Bxc5 bxc5 26. Nxa5 Rb8 27. Rd6 Rxb2
28. Rxa6 Rxe2 29. Rf1 Rb8 30. Nc6 Rb3 31. a5 Ra3 32. Ra8+ Kh7 33. a6 Rb2 34. a7
Rba2 35. Rc8 Ra6 36. Rb1 R2a3 37. g3 Bc3 38. Rbb8 Rxa7 39. Nxa7 Rxa7 40. Rxc5
Ra1+ 41. Kg2 Ra2 42. Rb1 Kg7 43. Rc8 Rc2 44. c5 Kf6 45. c6 Ba5 46. Rb7 Kg7 47.
Ra8 Rc5 48. Raa7 Bc3 49. Rxf7+ Kg6 50. c7 Be5 51. Rd7 Rc6 52. Ra6 1-0

[Event "Wch U12"]
[Site "Chalkidiki"]
[Date "2003.10.28"]
[Round "6"]
[White "Caruana, Fabiano"]
[Black "Lilov, Valeri"]
[Result "0-1"]
[WhiteElo "2137"]
[BlackElo "2086"]
[PlyCount "66"]
[EventDate "2003.10.23"]
[EventType "swiss"]
[EventRounds "11"]
[EventCountry "GRE"]
[SourceTitle "EXT 2004"]
[Source "ChessBase"]
[SourceDate "2003.11.25"]
[SourceVersion "1"]
[SourceVersionDate "2003.11.25"]
[SourceQuality "1"]

1. e4 e6 2. d4 d5 3. Nc3 Bb4 4. e5 c5 5. a3 Bxc3+ 6. bxc3 Ne7 7. Qg4 O-O 8. Bd2
Nbc6 9. Nf3 f6 10. Bd3 c4 11. Bh6 Rf7 12. exf6 cxd3 13. fxe7 Qxe7 14. Bg5 Qc7
15. O-O e5 16. Qg3 exd4 17. Qh4 dxc2 18. Nxd4 Ne5 19. Qg3 Ng4 20. Nxc2 Qxg3 21.
fxg3 Bf5 22. Nd4 Raf8 23. Rf4 Ne5 24. Raf1 Bd3 25. Rd1 Be4 26. Ne6 Re8 27. Rxf7
Nxf7 28. Nc7 Rc8 29. Nxd5 Rc5 30. Ne7+ Kf8 31. Be3 Rxc3 32. Bd2 Rc4 33. Bb4 a5
0-1

[Event "Wch U12"]
[Site "Chalkidiki"]
[Date "2003.11.02"]
[Round "11"]
[White "Pereira, Ruben Miguel Nunes"]
[Black "Caruana, Fabiano"]
[Result "1-0"]
[WhiteElo "2127"]
[BlackElo "2137"]
[PlyCount "95"]
[EventDate "2003.10.23"]
[EventType "swiss"]
[EventRounds "11"]
[EventCountry "GRE"]
[SourceTitle "EXT 2004"]
[Source "ChessBase"]
[SourceDate "2003.11.25"]
[SourceVersion "1"]
[SourceVersionDate "2003.11.25"]
[SourceQuality "1"]

1. e4 c5 2. Nf3 Nc6 3. d4 cxd4 4. Nxd4 Nf6 5. Nc3 e5 6. Ndb5 d6 7. Bg5 a6 8.
Na3 b5 9. Nd5 Be7 10. Bxf6 Bxf6 11. c3 Ne7 12. Nc2 Nxd5 13. Qxd5 Be6 14. Qd1
O-O 15. Nb4 Qb6 16. Be2 Rac8 17. O-O Rc5 18. a4 a5 19. Nd3 Rc4 20. Bf3 Bd7 21.
axb5 Bxb5 22. Qd2 d5 23. b3 Rcc8 24. Rfc1 h6 25. Rcb1 Bg5 26. Qc2 f5 27. exd5
e4 28. c4 exf3 29. Qd1 Ba6 30. Qxf3 Bf6 31. Ra2 Bxc4 32. Qxf5 Bd4 33. Qh3 Bxd3
34. Qxd3 Bxf2+ 35. Kh1 Bc5 36. Re2 Bd6 37. Re6 Qc5 38. Rd1 Qb4 39. Rxh6 Bf4 40.
Qh7+ Kf7 41. Qg6+ Ke7 42. d6+ Kd8 43. Qxg7 Re8 44. Qf6+ Kd7 45. Rh7+ Kc6 46.
d7+ Bd6 47. dxc8=Q+ Rxc8 48. Qf3+ 1-0

[Event "New York Masters 82th"]
[Site "New York"]
[Date "2003.11.18"]
[Round "1"]
[White "Pruess, David"]
[Black "Caruana, Fabiano"]
[Result "1-0"]
[WhiteElo "2331"]
[BlackElo "2160"]
[PlyCount "61"]
[EventDate "2003.11.18"]
[EventType "swiss (rapid)"]
[EventRounds "4"]
[EventCountry "USA"]
[SourceTitle "CBM 097 Extra"]
[Source "ChessBase"]
[SourceDate "2004.01.13"]
[SourceVersion "1"]
[SourceVersionDate "2004.01.13"]
[SourceQuality "1"]

1. e4 c5 2. Nf3 Nc6 3. d4 cxd4 4. Nxd4 Nf6 5. Nc3 e5 6. Ndb5 d6 7. Bg5 a6 8.
Na3 b5 9. Nd5 Be7 10. Bxf6 Bxf6 11. c3 Ne7 12. Nxf6+ gxf6 13. Nc2 f5 14. exf5
Bxf5 15. Ne3 Be6 16. Qh5 O-O 17. Bd3 Ng6 18. O-O Qd7 19. Bf5 Bxf5 20. Qxf5 Qxf5
21. Nxf5 Rfd8 22. Rfd1 d5 23. Rd2 Rd7 24. a4 Rb8 25. axb5 axb5 26. Ra6 b4 27.
cxb4 Rxb4 28. Ra8+ Nf8 29. Rd3 Rb6 30. Rc3 Rf6 31. Rxf8+ 1-0

[Event "New York Masters 90th"]
[Site "New York"]
[Date "2004.02.03"]
[Round "1"]
[White "Caruana, Fabiano"]
[Black "Blatny, Pavel"]
[Result "0-1"]
[WhiteElo "2122"]
[BlackElo "2452"]
[PlyCount "62"]
[EventDate "2004.02.03"]
[EventType "swiss (rapid)"]
[EventRounds "4"]
[EventCountry "USA"]
[SourceTitle "CBM 098 Extra"]
[Source "ChessBase"]
[SourceDate "2004.03.10"]
[SourceVersion "2"]
[SourceVersionDate "2004.03.10"]
[SourceQuality "1"]

1. e4 g6 2. d4 c6 3. Nc3 d5 4. e5 h5 5. Bd3 Nh6 6. Nf3 Bf5 7. O-O Bxd3 8. Qxd3
Qc8 9. Re1 e6 10. Bg5 Nd7 11. Nh4 Nf5 12. Nxf5 gxf5 13. Bf6 Nxf6 14. exf6 Kd7
15. Na4 Qd8 16. c4 dxc4 17. Qxc4 Kc7 18. Rac1 Rc8 19. Nc5 Kb8 20. Rcd1 Rc7 21.
Qb4 Ka8 22. Qc3 Rg8 23. Nd3 Qxf6 24. Ne5 Bd6 25. Qf3 h4 26. Rc1 Qd8 27. Rc4 f6
28. Nxc6 Qc8 29. d5 bxc6 30. Rxe6 cxd5 31. Rxc7 Qxe6 0-1

[Event "New York Masters 96th"]
[Site "New York"]
[Date "2004.03.23"]
[Round "1"]
[White "Caruana, Fabiano"]
[Black "Blatny, Pavel"]
[Result "0-1"]
[WhiteElo "2122"]
[BlackElo "2452"]
[PlyCount "72"]
[EventDate "2004.03.23"]
[EventType "swiss (rapid)"]
[EventRounds "4"]
[EventCountry "USA"]
[SourceTitle "CBM 099 Extra"]
[Source "ChessBase"]
[SourceDate "2004.05.04"]
[SourceVersion "1"]
[SourceVersionDate "2004.05.04"]
[SourceQuality "1"]

1. e4 b6 2. d4 Bb7 3. Nc3 e6 4. f4 Bb4 5. Bd3 f5 6. Qe2 fxe4 7. Bxe4 Bxe4 8.
Qxe4 Nc6 9. Nf3 Nf6 10. Qe2 O-O 11. O-O Bxc3 12. bxc3 Nd5 13. Ng5 Qf6 14. Bd2
Qg6 15. Ne4 Nf6 16. Rae1 Nxe4 17. Qxe4 Qxe4 18. Rxe4 Na5 19. Be1 Nc4 20. g4 Rf7
21. Kg2 a5 22. Kg3 a4 23. Re2 h5 24. h3 Ra5 25. Bd2 Rb5 26. Ra1 Kh7 27. Rf2 Kg6
28. Bc1 a3 29. Re2 Rf8 30. Rg2 Ra8 31. Kf3 hxg4+ 32. hxg4 Rh8 33. Ke4 Rh3 34.
f5+ Kf7 35. fxe6+ Kxe6 36. Bf4 d5# 0-1

[Event "Foxwoods op 06th"]
[Site "Connecticut"]
[Date "2004.04.09"]
[Round "4"]
[White "Caruana, Fabiano"]
[Black "Winer, Steven"]
[Result "1/2-1/2"]
[WhiteElo "2140"]
[BlackElo "2335"]
[PlyCount "83"]
[EventDate "2004.04.07"]
[EventType "swiss"]
[EventRounds "9"]
[EventCountry "USA"]
[SourceTitle "CBM 099 Extra"]
[Source "ChessBase"]
[SourceDate "2004.05.04"]
[SourceVersion "1"]
[SourceVersionDate "2004.05.04"]
[SourceQuality "1"]

1. e4 c5 2. Nf3 d6 3. d4 Nf6 4. dxc5 Nxe4 5. cxd6 Nc6 6. Bd3 Nxd6 7. h3 g6 8.
O-O Bg7 9. Nc3 O-O 10. Re1 Nb4 11. Bg5 f6 12. Be3 Nxd3 13. Qxd3 Rf7 14. Bc5 Bf5
15. Qd5 Bf8 16. Nd4 e5 17. Nxf5 Nxf5 18. Qxd8 Rxd8 19. Bxa7 Bb4 20. Red1 Rxd1+
21. Nxd1 Nd6 22. c3 Ba5 23. Ne3 Nb5 24. Bc5 Rc7 25. Bb4 Bxb4 26. cxb4 Kf7 27.
Kf1 Nd4 28. a3 Ke6 29. Rd1 f5 30. Rd2 f4 31. Nd1 Rc1 32. f3 Kd5 33. Kf2 Kc4 34.
Nc3 Kb3 35. b5 Nf5 36. Ne4 b6 37. g3 Rh1 38. Kg2 Rb1 39. gxf4 exf4 40. Kf2 Ne3
41. Nc5+ Kc4 42. Nd3 1/2-1/2

[Event "Foxwoods op 06th"]
[Site "Connecticut"]
[Date "2004.04.11"]
[Round "8"]
[White "Caruana, Fabiano"]
[Black "Mac Intyre, Paul"]
[Result "0-1"]
[WhiteElo "2140"]
[BlackElo "2262"]
[PlyCount "76"]
[EventDate "2004.04.07"]
[EventType "swiss"]
[EventRounds "9"]
[EventCountry "USA"]
[SourceTitle "CBM 099 Extra"]
[Source "ChessBase"]
[SourceDate "2004.05.04"]
[SourceVersion "1"]
[SourceVersionDate "2004.05.04"]
[SourceQuality "1"]

1. e4 e5 2. Nf3 Nc6 3. Bc4 Bc5 4. c3 Bb6 5. O-O d6 6. h3 Qf6 7. d3 Nge7 8. Be3
h6 9. Nh2 g5 10. Ng4 Qg7 11. Qf3 f5 12. exf5 Bxf5 13. Bxb6 axb6 14. Ne3 Bd7 15.
a4 O-O-O 16. b4 Rdf8 17. Qd1 g4 18. g3 gxh3 19. Kh2 h5 20. a5 bxa5 21. b5 Nb8
22. Rxa5 h4 23. g4 Qg5 24. Ra7 Rh6 25. Nd2 Rhf6 26. Qe2 Qf4+ 27. Kxh3 Rg6 28.
Rfa1 Qxf2 29. Qxf2 Rxf2 30. Ndf1 c6 31. Kxh4 d5 32. bxc6 bxc6 33. Bb3 Rf8 34.
Nc2 d4 35. Bc4 Rh8+ 36. Kg3 Rxg4+ 37. Kf3 Rf8+ 38. Ke2 Rg1 0-1

[Event "Budapest FS06 IM"]
[Site "Budapest"]
[Date "2004.06.06"]
[Round "2"]
[White "Caruana, Fabiano"]
[Black "Simonsen, Hans Kristian"]
[Result "1/2-1/2"]
[WhiteElo "2140"]
[BlackElo "2243"]
[PlyCount "60"]
[EventDate "2004.06.05"]
[EventType "tourn"]
[EventRounds "11"]
[EventCountry "HUN"]
[EventCategory "2"]
[SourceTitle "CBM 100 Extra"]
[Source "ChessBase"]
[SourceDate "2004.07.06"]
[SourceVersion "2"]
[SourceVersionDate "2004.07.06"]
[SourceQuality "1"]

1. e4 c6 2. Nc3 d5 3. Nf3 Bg4 4. h3 Bxf3 5. Qxf3 e6 6. a3 Nd7 7. g3 Ngf6 8. d3
Bc5 9. Bg2 O-O 10. O-O Qe7 11. Qe2 dxe4 12. Nxe4 Nxe4 13. Qxe4 Rfd8 14. b4 Nf6
15. Qc4 Bd4 16. c3 Bb6 17. d4 a5 18. Bg5 axb4 19. axb4 Rxa1 20. Rxa1 h6 21.
Bxf6 Qxf6 22. b5 cxb5 23. Qxb5 e5 24. Qxe5 Qxe5 25. dxe5 Rd2 26. Rf1 Rc2 27.
Bxb7 Rxc3 28. Kg2 Rc2 29. Be4 Rb2 30. Bd5 Re2 1/2-1/2

[Event "Budapest FS06 IM"]
[Site "Budapest"]
[Date "2004.06.09"]
[Round "5"]
[White "Brustkern, Juergen"]
[Black "Caruana, Fabiano"]
[Result "0-1"]
[WhiteElo "2266"]
[BlackElo "2140"]
[PlyCount "66"]
[EventDate "2004.06.05"]
[EventType "tourn"]
[EventRounds "11"]
[EventCountry "HUN"]
[EventCategory "2"]
[SourceTitle "CBM 100 Extra"]
[Source "ChessBase"]
[SourceDate "2004.07.06"]
[SourceVersion "2"]
[SourceVersionDate "2004.07.06"]
[SourceQuality "1"]

1. Nf3 Nf6 2. b3 g6 3. Bb2 Bg7 4. g3 O-O 5. Bg2 d6 6. d4 c5 7. d5 b5 8. O-O Bb7
9. Nh4 Qd7 10. e4 e6 11. c4 bxc4 12. bxc4 g5 13. Nf3 Nxe4 14. Bxg7 Kxg7 15.
Nbd2 exd5 16. cxd5 Nxd2 17. Qxd2 f6 18. Rfe1 h6 19. Re6 Na6 20. Rae1 Rae8 21.
Bh3 Qd8 22. Bg2 Nc7 23. Rxe8 Rxe8 24. Qa5 Rxe1+ 25. Nxe1 Qe7 26. Nc2 Bxd5 27.
Ne3 Be6 28. Qxa7 Nd5 29. Qxe7+ Nxe7 30. a4 d5 31. a5 d4 32. a6 dxe3 33. fxe3
Nc8 0-1

[Event "Budapest FS06 IM"]
[Site "Budapest"]
[Date "2004.06.10"]
[Round "6"]
[White "Caruana, Fabiano"]
[Black "Boguszlavszkij, Jevgenyij"]
[Result "0-1"]
[WhiteElo "2140"]
[BlackElo "2276"]
[PlyCount "80"]
[EventDate "2004.06.05"]
[EventType "tourn"]
[EventRounds "11"]
[EventCountry "HUN"]
[EventCategory "2"]
[SourceTitle "CBM 100 Extra"]
[Source "ChessBase"]
[SourceDate "2004.07.06"]
[SourceVersion "2"]
[SourceVersionDate "2004.07.06"]
[SourceQuality "1"]

1. e4 c6 2. Nc3 d5 3. Nf3 g6 4. d4 Bg7 5. Be2 Nh6 6. e5 f6 7. Bf4 Nf7 8. Qd2
Bg4 9. O-O-O Bxf3 10. Bxf3 fxe5 11. dxe5 e6 12. h4 Nd7 13. h5 Ndxe5 14. hxg6
hxg6 15. Rxh8+ Bxh8 16. Be2 Qa5 17. Rh1 O-O-O 18. Rh7 Bf6 19. Bxe5 Nxe5 20. Qf4
Rf8 21. Bg4 Nxg4 22. Qxg4 Re8 23. Qxg6 Qd8 24. Ne2 Rh8 25. Rf7 Rf8 26. Nf4 Rxf7
27. Qxf7 e5 28. Ne6 Qe7 29. Qg8+ Kd7 30. Nf8+ Kc7 31. Nh7 Bg7 32. g4 e4 33. g5
e3 34. fxe3 Qxe3+ 35. Kd1 Qf3+ 36. Kd2 Qf2+ 37. Kd1 Qf1+ 38. Kd2 Bxb2 39. Qg6
Bc1+ 40. Kc3 Qc4# 0-1

[Event "Budapest FS06 IM"]
[Site "Budapest"]
[Date "2004.06.11"]
[Round "7"]
[White "Jakab, Attila"]
[Black "Caruana, Fabiano"]
[Result "1-0"]
[WhiteElo "2390"]
[BlackElo "2140"]
[PlyCount "45"]
[EventDate "2004.06.05"]
[EventType "tourn"]
[EventRounds "11"]
[EventCountry "HUN"]
[EventCategory "2"]
[SourceTitle "CBM 100 Extra"]
[Source "ChessBase"]
[SourceDate "2004.07.06"]
[SourceVersion "2"]
[SourceVersionDate "2004.07.06"]
[SourceQuality "1"]

1. d4 Nf6 2. Nf3 g6 3. Bg5 Bg7 4. Nbd2 d5 5. e3 O-O 6. Bd3 Nbd7 7. O-O Re8 8.
c4 c5 9. Rc1 cxd4 10. Nxd4 Nc5 11. Bc2 e5 12. Nb5 Qb6 13. Bxf6 Bxf6 14. b4 Na6
15. a3 Bd7 16. Nc3 dxc4 17. Nxc4 Qd8 18. Nd6 Rf8 19. Nxb7 Qe8 20. Nd5 Bd8 21.
Bd3 Qe6 22. Bxa6 Qxa6 23. Nc5 1-0

[Event "Budapest FS06 IM"]
[Site "Budapest"]
[Date "2004.06.12"]
[Round "8"]
[White "Caruana, Fabiano"]
[Black "Werner, Dimo"]
[Result "0-1"]
[WhiteElo "2140"]
[BlackElo "2362"]
[PlyCount "46"]
[EventDate "2004.06.05"]
[EventType "tourn"]
[EventRounds "11"]
[EventCountry "HUN"]
[EventCategory "2"]
[SourceTitle "CBM 100 Extra"]
[Source "ChessBase"]
[SourceDate "2004.07.06"]
[SourceVersion "2"]
[SourceVersionDate "2004.07.06"]
[SourceQuality "1"]

1. e4 c5 2. Nf3 b6 3. Nc3 Bb7 4. Bc4 e6 5. O-O a6 6. a4 Nf6 7. e5 d5 8. exf6
dxc4 9. fxg7 Bxg7 10. Qe2 Rg8 11. Ne4 Qd5 12. Re1 Nc6 13. d3 cxd3 14. Qxd3 Qxd3
15. cxd3 O-O-O 16. Bf4 Nb4 17. Bg3 Nxd3 18. Re2 Bxb2 19. Rb1 Rg4 20. Nd6+ Rxd6
21. Bxd6 Bxf3 22. Rexb2 Nxb2 23. Rxb2 Rd4 0-1

[Event "Budapest FS06 IM"]
[Site "Budapest"]
[Date "2004.06.13"]
[Round "9"]
[White "Eperjesi, Laszlo"]
[Black "Caruana, Fabiano"]
[Result "0-1"]
[WhiteElo "2322"]
[BlackElo "2140"]
[PlyCount "70"]
[EventDate "2004.06.05"]
[EventType "tourn"]
[EventRounds "11"]
[EventCountry "HUN"]
[EventCategory "2"]
[SourceTitle "CBM 100 Extra"]
[Source "ChessBase"]
[SourceDate "2004.07.06"]
[SourceVersion "2"]
[SourceVersionDate "2004.07.06"]
[SourceQuality "1"]

1. d4 Nf6 2. Nf3 g6 3. Bg5 Bg7 4. Nbd2 d5 5. e3 O-O 6. Be2 Nbd7 7. O-O c5 8. c3
b6 9. a4 a6 10. Qb1 Bb7 11. Rc1 Re8 12. b4 c4 13. h3 b5 14. Bf4 Ne4 15. Nxe4
dxe4 16. Nd2 e5 17. dxe5 Bxe5 18. axb5 axb5 19. Rxa8 Bxa8 20. Nf1 Bxf4 21. exf4
Qf6 22. g3 e3 23. fxe3 Qc6 24. Kf2 Qg2+ 25. Ke1 Nf6 26. Qa2 Be4 27. Qd2 Qxh3
28. Qd4 Nd5 29. Ra1 Bg2 30. Ra7 Qh1 31. Kd2 Bxf1 32. Bxf1 Nxe3 33. Be2 Nf1+ 34.
Bxf1 Qxf1 35. Re7 Rxe7 0-1

[Event "Budapest FS06 IM"]
[Site "Budapest"]
[Date "2004.06.15"]
[Round "11"]
[White "Poulsen, Martin"]
[Black "Caruana, Fabiano"]
[Result "1/2-1/2"]
[WhiteElo "2290"]
[BlackElo "2140"]
[PlyCount "106"]
[EventDate "2004.06.05"]
[EventType "tourn"]
[EventRounds "11"]
[EventCountry "HUN"]
[EventCategory "2"]
[SourceTitle "CBM 100 Extra"]
[Source "ChessBase"]
[SourceDate "2004.07.06"]
[SourceVersion "2"]
[SourceVersionDate "2004.07.06"]
[SourceQuality "1"]

1. d4 Nf6 2. Nf3 g6 3. c4 Bg7 4. g3 O-O 5. Bg2 d5 6. cxd5 Nxd5 7. O-O Nb6 8.
Nc3 Nc6 9. d5 Na5 10. e4 c6 11. Nd4 e6 12. Nb3 Nac4 13. dxe6 Bxe6 14. Qc2 Qe7
15. Nd2 Rad8 16. Nxc4 Nxc4 17. h4 Rd7 18. Bf4 Qb4 19. Rab1 Na3 20. bxa3 Qxc3
21. Qa4 Bxa2 22. Rfc1 Qf6 23. e5 Qe6 24. Rb2 Bd5 25. Bxd5 cxd5 26. Qxa7 Bxe5
27. Bxe5 Qxe5 28. Rxb7 Rxb7 29. Qxb7 Rd8 30. Qb6 Qd6 31. Qxd6 Rxd6 32. Kf1 Kg7
33. a4 Ra6 34. Ra1 Ra5 35. Ke2 Kf6 36. Kd3 Ke5 37. Kc3 Ke4 38. Kb4 Ra8 39. a5
d4 40. a6 d3 41. Kc3 Kf3 42. Ra2 d2 43. Kxd2 Kxf2 44. Ra3 f5 45. a7 h6 46. Ra6
g5 47. hxg5 hxg5 48. Rf6 Kxg3 49. Rxf5 g4 50. Rf7 Kg2 51. Rg7 g3 52. Kc3 Kf2
53. Rf7+ Kg1 1/2-1/2

[Event "Wch U12"]
[Site "Heraklion"]
[Date "2004.11.07"]
[Round "5"]
[White "Yilmaz, Mustafa"]
[Black "Caruana, Fabiano"]
[Result "1-0"]
[WhiteElo "2026"]
[BlackElo "2196"]
[PlyCount "75"]
[EventDate "2004.11.04"]
[EventType "swiss"]
[EventRounds "11"]
[EventCountry "GRE"]
[SourceTitle "EXT 2005"]
[Source "ChessBase"]
[SourceDate "2004.11.15"]
[SourceVersion "1"]
[SourceVersionDate "2004.11.15"]
[SourceQuality "1"]

1. e4 c5 2. Nf3 Nc6 3. d4 cxd4 4. Nxd4 Nf6 5. Nc3 e5 6. Ndb5 d6 7. Nd5 Nxd5 8.
exd5 Nb8 9. c4 Be7 10. Be2 O-O 11. O-O a6 12. Nc3 f5 13. Bd2 Nd7 14. b4 Bg5 15.
Bxg5 Qxg5 16. Qc1 Qf6 17. f3 b6 18. Qe3 e4 19. f4 a5 20. a3 Ba6 21. g4 fxg4 22.
Nxe4 Qe7 23. Qd4 Rae8 24. Bd3 h6 25. Rae1 Bc8 26. Re2 Nf6 27. Nxf6+ Qxf6 28.
Qxf6 gxf6 29. Rfe1 Rxe2 30. Rxe2 Kf7 31. Kf2 f5 32. Rb2 Bd7 33. bxa5 bxa5 34.
Rb6 Ke7 35. Rb7 Kd8 36. Ra7 a4 37. Bc2 Re8 38. Rxd7+ 1-0

[Event "Wch U12"]
[Site "Heraklion"]
[Date "2004.11.10"]
[Round "7"]
[White "Bregadze, Levan"]
[Black "Caruana, Fabiano"]
[Result "0-1"]
[WhiteElo "2040"]
[BlackElo "2196"]
[PlyCount "60"]
[EventDate "2004.11.04"]
[EventType "swiss"]
[EventRounds "11"]
[EventCountry "GRE"]
[SourceTitle "EXT 2005"]
[Source "ChessBase"]
[SourceDate "2004.11.15"]
[SourceVersion "1"]
[SourceVersionDate "2004.11.15"]
[SourceQuality "1"]

1. e4 c5 2. Nf3 Nc6 3. d4 cxd4 4. Nxd4 Nf6 5. Nc3 e5 6. Ndb5 d6 7. Nd5 Nxd5 8.
exd5 Ne7 9. c3 Nf5 10. a4 a6 11. Na3 g6 12. Bd3 Bg7 13. O-O O-O 14. Qb3 Nh6 15.
Nc4 f5 16. f4 Nf7 17. Be3 g5 18. fxe5 Nxe5 19. Bb6 Qd7 20. Bd4 Nxd3 21. Nb6 Qe7
22. Bxg7 Kxg7 23. Nxa8 Qe3+ 24. Kh1 Nf2+ 25. Rxf2 Qxf2 26. Qb6 Qe2 27. Rg1 f4
28. Qd4+ Kg8 29. Qd1 Qxd1 30. Rxd1 Bg4 0-1

[Event "Wch U12"]
[Site "Heraklion"]
[Date "2004.11.10"]
[Round "8"]
[White "Caruana, Fabiano"]
[Black "Ravi, Teja Sanka"]
[Result "1-0"]
[WhiteElo "2196"]
[BlackElo "2075"]
[PlyCount "120"]
[EventDate "2004.11.04"]
[EventType "swiss"]
[EventRounds "11"]
[EventCountry "GRE"]
[SourceTitle "EXT 2005"]
[Source "ChessBase"]
[SourceDate "2004.11.15"]
[SourceVersion "1"]
[SourceVersionDate "2004.11.15"]
[SourceQuality "1"]

1. e4 e6 2. d4 d5 3. Nc3 dxe4 4. Nxe4 Nd7 5. Bd3 Ngf6 6. Qe2 Be7 7. Nf3 Nxe4 8.
Bxe4 O-O 9. O-O Nf6 10. c4 Rb8 11. Rd1 Nxe4 12. Qxe4 b6 13. Ne5 Bb7 14. Qg4 Bf6
15. Bf4 Qe7 16. Re1 Rfe8 17. Rad1 Rbd8 18. Re3 c5 19. d5 Qf8 20. dxe6 Rxe6 21.
Nd7 Rxd7 22. Rxd7 Rxe3 23. fxe3 Bc8 24. Qd1 Bxd7 25. Qxd7 Bxb2 26. Qxa7 Qd8 27.
h3 h6 28. Kh2 Qf6 29. Qb8+ Kh7 30. Bc7 Qe6 31. Qxb6 Be5+ 32. Kh1 Bxc7 33. Qxc7
Qxc4 34. a4 Qc1+ 35. Kh2 Qxe3 36. Qxf7 Qe5+ 37. Kh1 Qe1+ 38. Kh2 Qb4 39. Qf5+
Kg8 40. Qe6+ Kf8 41. Qd6+ Ke8 42. Qe6+ Kf8 43. Qd6+ Kf7 44. Qd7+ Kf6 45. Qd6+
Kf5 46. Qd5+ Kf4 47. Qf7+ Ke3 48. Qxg7 Qf4+ 49. Kh1 Qf1+ 50. Kh2 Qf4+ 51. Kh1
Kd3 52. a5 c4 53. a6 c3 54. a7 c2 55. Qg6+ Kc3 56. Qxc2+ Kxc2 57. a8=Q Kd2 58.
Qf3 Qg5 59. g4 Qe3 60. Kg2 Qg5 1-0